000 00695nam a2200253Ia 4500
003 OSt
005 20220918165339.0
006 a|||||r|||| 00| 0
007 ta
008 220917b |||||||| |||| 00| 0 eng d
020 _a413303306
024 _a37,488
037 _cTextual
040 _aARTS
_cARTS
_beng
041 _2eng
_aeng
082 _aO113,2N11,1, 111K2
100 _aFrish Max
_916629
245 0 _aFire Raisers
_b A morality without a moral tr by Michael Bullock
260 _aLondon
_bmethuen UK
_c1962
300 _a91p.
_ccm.
650 _aENGLISH LITERATURE
942 _hO113,2N11,1, 111K2
_cTEXL
_2CC
999 _c129440
_d129440